000 00914cam a22002411i 4500
003 SA-RiAUC
005 20250916111948.0
008 250818s1962 ua g i00010 ara c
040 _aSA-JeALM
_bara
_cSA-RiAUC
_erda
050 4 _b.M87 1962
082 0 4 _a257.1
_qSA-RiAUC
090 _a257.1
_b م و س
100 1 _aموسى، محمد يوسف،
_d1899-1963
_eمؤلف.
245 1 0 _aنظام الحكم في الإسلام /
_cمحمد يوسف موسى.
264 1 _aالقاهرة :
_bجامعة الدول العربية، معهد الدراسات العربية العالية،
_c1962
300 _a152 صفحة ؛
_c24 سم
336 _aنص
_btxt
_2rdacontent
_3كتاب
337 _aبدون وسيط
_bn
_2rdamedia
338 _aمجلد
_bnc
_2rdacarrier
650 7 _aنظم الحكم في الإسلام
_2aucsh
942 _2ddc
_cBOOK
_n0
949 _aSA-JeALM
_d250818
_uosman123
_n1
999 _c11797
_d11797